Prečo liberalizmus zlyhal

Bibliographic Details
Main Author: Deneen, Patrick J., 1964- (Author)
Other Authors: Baňas, Ján, 1979- (Translator)
Format: Book
Language:Slovak
English
PhysicalDescription:262 strán 21 cm
Published: [Bratislava] Postoj Media, s. r. o. 2022
ISBN:9788089994547
Edition:Prvé vydanie
Subjects:

MARC

LEADER 00000cam a2200000 4500
001 vtls012143909
003 SK-MaSNL
005 20260301055758.0
008 220715s2022 xo g b 011 0 slo
015 |a SNBA2023/06 
020 |a 9788089994547  |q (viazané)  |z 9788089994540 
040 |a SNK  |b slo  |c SNK  |e rda 
041 1 |a slo  |h eng 
044 |a xo  |c SK 
072 7 |a 321  |x Politológia  |2 konspekt 
080 |a 321  |2 2011 
080 |a 32:316.75  |2 2011 
080 |a 32-028.43  |2 2011 
080 |a (048.8)  |2 2011 
100 1 |a Deneen, Patrick J.,  |d 1964-  |4 aut  |9 224088 
240 1 0 |a Why liberalism failed  |l Slovensky 
245 1 0 |a Prečo liberalizmus zlyhal  |c Patrick J. Deneen ; z anglického originálu Why liberalism failed preložil Ján Baňas 
250 |a Prvé vydanie 
264 1 |a [Bratislava]  |b Postoj Media, s. r. o.  |c 2022 
300 |a 262 strán  |c 21 cm 
336 |a text  |b txt  |2 rdacontent 
337 |a bez média  |b n  |2 rdamedia 
338 |a zväzok  |b nc  |2 rdacarrier 
500 |a Miesto vydania podľa NA ISBN 
500 |a Obsahuje poznámky na strane 242-251, poznámky pod čiarou 
504 |a Obsahuje bibliografiu na strane 252-258 a register na strane 259-262 
650 0 7 |a liberalizmus  |2 SNKPH  |9 17721 
650 0 7 |a politické ideológie  |2 SNKPH  |9 4686 
650 0 7 |a kritika politiky  |2 SNKPH  |9 118865 
650 0 7 |a Liberalism  |2 SNKPHeng  |9 330048 
650 0 7 |a Political ideologies  |2 SNKPHeng  |9 330953 
650 0 7 |a Political criticism  |2 SNKPHeng  |9 120120 
655 7 |a monografie  |2 SNKPH  |9 70139 
655 7 |a Monographs  |2 SNKPHeng  |9 120675 
700 1 |a Baňas, Ján,  |d 1979-  |4 trl  |9 249462 
852 |a Slovenská národná knižnica 
919 |a 978-80-89994-54-0 
954 |a odborná, vedecká literatúra cudzojazyčná (svetová)  |2 lita 
958 |a NB 
958 |a OP 
968 |b ENG 
999 |c 614166  |d 616096 
952 |a SNK  |b SNK  |y PREZ  |7 0  |p 17A1309106  |o snkSC 198397  |i snk2022/11597  |8 0  |0 0  |1 0  |4 0  |d 2022-07-22  |l 0  |r 2025-10-21 00:00:00  |w 2026-02-23 
952 |a SNK  |b SNK  |y VYP  |7 0  |p 17A1493220  |o snkSC 198397 D1  |i snk2022/13213  |8 3  |g 10.82  |0 0  |1 0  |4 0  |d 2022-08-31  |l 0  |r 2026-02-23 16:33:48  |w 2026-02-23